El arte en la escuela primaria. Lecciones de arquitectura

Gespeichert in:
Bibliographische Detailangaben
Format: Buch
Sprache:Spanisch
Erschienen: Madrid : Escuelas de España, 1936
Katalog:MANES:  Suchergebnis im Bibliothekskatalog
Schulbuchspezifische Eigenschaften:
Schlagworte:
Tags: Tag hinzufügen
Keine Tags, Fügen Sie den ersten Tag hinzu!
Hinzugefügt zu:29.11.1999
Geändert in:07.05.2025

MARC

LEADER 00000cam a2200000#i 4500
005 20250507134451.0
008 000000s1936 espa 000 0 spa d
040 |a uned  |b spa  |c entro-manes 
245 0 3 |a El arte en la escuela primaria.   |p Lecciones de arquitectura 
260 |a Madrid :   |b Escuelas de España,   |c 1936 
300 |a 87 p.:   |b il. 
546 |a España 
561 |5 es-BUNED  |3 BAL M 096  |a España. Fondo Manes UNED  |k MANES 
650 7 |a Arquitectura  |9 38908 
942 |2 ddc  |c BK 
999 |c 95099  |d 95099 
999 |c manes:95099  |d 95099